Guess the Hamilton Song #16 - Statistics

General Stats
  • This quiz has been taken 1,143 times
  • The average score is 181 of 500
Answer Stats
Lyric % Correct
I
98%
a
97%
m
90%
the
90%
The
90%
you
84%
you.
84%
you,
84%
You
84%
an
82%
Hamilton
73%
He
73%
he
73%
do,
71%
and
70%
to
70%
in
69%
is
69%
is,
69%
my
69%
My
69%
No,
66%
we
64%
your
64%
Your
64%
How
63%
how
63%
it
63%
it.
63%
me.
63%
me
63%
so,
62%
so
62%
on
60%
of
57%
I'm
56%
where
55%
Where
55%
was
54%
be
53%
when
53%
When
53%
go
52%
go.
52%
what
52%
am
49%
not
49%
hear
46%
you're
46%
if
42%
that
42%
that,
42%
that?
42%
That
42%
They
42%
us
42%
all
40%
are
40%
but,
40%
but
40%
But
40%
for
39%
his
39%
have
38%
him
38%
this
38%
This
38%
say
37%
father,
36%
father
36%
Father!
36%
know
35%
there
34%
away!)
33%
away.
33%
as
31%
Then
31%
(blow
30%
Blow
30%
can't
30%
our
30%
will
29%
let
28%
see
28%
with
28%
don't
27%
like
27%
look
26%
It's
25%
man,
25%
man
25%
Philip,
25%
Philip
25%
show!)
23%
show
23%
show?
23%
Meet
22%
name
22%
pride,
22%
pride.
22%
son.
22%
about
21%
New
21%
would
21%
George
20%
George!
20%
ladies
20%
Ladies,
20%
College.
19%
down
19%
down!)
19%
had
19%
Did
18%
Eacker
18%
Eacker,
18%
just
18%
King's
18%
poet
18%
talk
18%
graduate
17%
I'll
17%
only
16%
slide
16%
slide.
16%
time
16%
up
16%
want
16%
get
15%
goin'
15%
I'd
15%
latest
15%
mind
15%
Mr.
15%
now.
15%
socks?
15%
take
15%
Take
15%
got
14%
pops.
14%
Pops,
14%
said
14%
shouldn't
14%
back,
13%
back
13%
brag,
13%
duel.
13%
legacy
13%
little
13%
Come
12%
guns,
12%
nineteen
12%
off,
12%
own
12%
proud.
12%
proud,
12%
stops.
12%
strip
12%
watch
12%
amaze
11%
astonish.
11%
bolder.
11%
cannot
11%
last
11%
looking
11%
older,
11%
fox!)
10%
gonna
10%
rest
10%
same
10%
Well,
10%
brains
9%
brain's
9%
end
9%
father's
9%
July
9%
life,
9%
Mister
9%
mother
9%
nervous,
9%
resemblance
9%
saw
9%
Everything
8%
Fourth
8%
front
8%
(god,
8%
gotta
8%
Jersey.
8%
Jersey!
8%
let's
8%
play.
8%
speaker.
8%
around,
7%
Broadway
7%
dag,
7%
done.
7%
he's
7%
made
7%
making
7%
seems,
7%
skip
7%
someday
7%
tryin'
7%
blocks,
6%
comes,
6%
couple
6%
crowd.
6%
didn't
6%
find
6%
good
6%
honor
6%
legal
6%
make
6%
piss
6%
pistol
6%
rather
6%
school.
6%
shoulder
6%
speech
6%
used
6%
week,
6%
another
5%
box
5%
frocks.
5%
heard
5%
he'll
5%
put
5%
scholars
5%
shit
5%
shoot?
5%
stand
5%
though.
5%
virtuosity
5%
watchin'
5%
young
5%
affair.
4%
before
4%
'bout
4%
first
4%
heartbreak.
4%
mouth
4%
pleasantries,
4%
scoundrel,
4%
(slow
4%
sorry,
4%
talked
4%
wasn't
4%
whole
4%
ya'
4%
Ya
4%
Yeah,
4%
Across
3%
air.
3%
ask
3%
blood
3%
boarding
3%
came
3%
fire
3%
fool
3%
goner.
3%
home
3%
okay!)
3%
Okay,
3%
pretty
3%
prob'ly
3%
river,
3%
(shh!)
3%
(shh,
3%
true.
3%
truly
3%
visit
3%
wanna
3%
Alright,
2%
anything
2%
(confer
2%
decides
2%
disparaged
2%
dueling
2%
exactly
2%
follow
2%
friends.
2%
friends
2%
Grab
2%
ground.
2%
happening?
2%
man's
2%
Promise
2%
promise.
2%
smart,
2%
something
2%
subject
2%
until
2%
very
2%
watched
2%
weapon
2%
y'all
2%
advice,
1%
apologise,
1%
conscience.
1%
cover
1%
doubt
1%
(ooh,
1%
outside
1%
peace?
1%
peace
1%
schoolboy
1%
shake.
1%
shoulda
1%
someone's
1%
step
1%
suit
1%
unless
1%
attempt
0%
cease.
0%
negotiate
0%
refused
0%
talks
0%
No matching quizzes found
Score Distribution
Percent of People with Each Score
Percentile by Number Answered
Your Score History
You have not taken this quiz